Представление документа в формате RUSMARC

ПолеНазваниеЗначение
  Тип записи a
  Библиографический уровень m
001 Контрольный номер RU/УОНБ/EK_N/637935246
005 Дата корректировки 20240130235135.7
013 Номер (ISMN) __
d Цена 97 р.
100 Данные общей обработки __
a Данные общей обработки 20200319d2005 u y0rusy0189||||ca
101 Язык документа 0_
a Язык текста rus
f Язык титульного листа rus
102 Страна публикации __
a Страна публикации RU
105 Кодированные данные (монография) __
a Кодированные данные (монография) y###||||000|y
125 Кодированные данные звукозаписи и нотных изданий __
a Форма изложения нотного текста с|
128 Кодированные данные (звукозаписи-физические характеристики) __
a Кодированные данные: Музыкальная форма и тональность или лад zz
c Инструменты или голоса, рекомендуемые для солистов (устаревшее) ka||
c Инструменты или голоса, рекомендуемые для солистов (устаревшее) sa||
c Инструменты или голоса, рекомендуемые для солистов (устаревшее) vu||
200 Заглавие и сведения об ответственности 1_
a Заглавие № 12
b Общее обозначение материала Ноты
e Сведения, относящиеся к заглавию произведения К. Синдинга для фп., скрипки, ансамбля, голоса
f Первые сведения об ответственности сост. и авт. предисл. Е. В. Битерякова
210 Выходные данные 1_
d Дата издания 2005
215 Физическое описание __
a Объем 64 с., 4 парт. (3 с., 3 с., 3 с., 3 с.)
c Иллюстрации/тип воспроизводства портр.
327 Примечание о содержании 11
a Примечание о содержании Содерж. : Произведения для голоса и фортепиано : Синдинг К. Осеннее настроение : Op. 22 № 4 ; Дикие гуси летят на юг : Op. 50 № 2 ; Роза над Гангом : Op. 50 № 6 ; Король Артур : Op. 50 № 12 ; Ночь : Op. 85 № 2 ; Сирень : Op. 85 № 4 ; Стужа : Op. 85 № 5. - Произведения для фортепиано : Синдинг К. Листок из альбома : Op. 76 № 1 ; Мелодия : Op. 76 № 5 ; Шорохи весны : Op. 32 № 3. - Произведения для скрипки и фортепиано : Синдинг К. Романс : Op. 9 ; Соната : Op. 27 : 2 ч. ; Соната "В старинном стиле" : Op. 99 : 1 ч. - Произведения для ансамбля : Синдинг К. Фортепианный квинтет : Op. 5 : 2 ч.
461 Уровень набора _0
1 001RU/УОНБ/EK_N/635345671
1 200
a Нотный альбом
b Ноты
v № 12
1 210
a М.
c Научтехлитиздат
d 2005 -
464 Аналитический уровень _0
1 2001
a Осеннее настроение
e Сельский храм да погост глухой...
e Op. 22 № 4
e для голоса и фп.
1 700 1
a Синдинг
b К.
1 702 1
a Краг
b В.
4 520
464 Аналитический уровень _0
1 2001
a Листок из альбома
e Op. 76 № 1
e для фп.
1 700 1
a Синдинг
b К.
464 Аналитический уровень _0
1 2001
a Романс
e Op. 9
e для скрипки и фп.
1 700 1
a Синдинг
b К.
464 Аналитический уровень _0
1 2001
a Фортепианный квинтет
e Op. 5
e 2 ч.
e для ансамбля
1 700 1
a Синдинг
b К.
464 Аналитический уровень _0
1 2001
a Дикие гуси летят на юг
e Дикие гуси летят на юг...
e Op. 50 № 2
e для голоса и фп.
1 700 1
a Синдинг
b К.
1 702 1
a Эвальд
b К.
4 520
464 Аналитический уровень _0
1 2001
a Роза над Гангом
e Роза над Гангом, дай мне ответ...
e Op. 50 № 6
e для голоса и фп.
1 700 1
a Синдинг
b К.
1 702 1
a Эвальд
b К.
4 520
464 Аналитический уровень _0
1 2001
a Король Артур
e Король Артур на турнир опять собрался в край соседний...
e Op. 50 № 12
e для голоса и фп.
1 700 1
a Синдинг
b К.
1 702 1
a Брандес
b Э.
4 520
464 Аналитический уровень _0
1 2001
a Ночь
e В сонной дымке лунных теней...
e Op. 85 № 2
e для голоса и фп.
1 700 1
a Синдинг
b К.
1 702 1
a Бирбаумс
b О. Ю.
4 520
1 702 1
a Александрова
b Эм.
4 730
464 Аналитический уровень _0
1 2001
a Сирень
e О весенняя ночь без сна!..
e Op. 85 № 4
e для голоса и фп.
1 700 1
a Синдинг
b К.
1 702 1
a Бирбаумс
b О. Ю.
4 520
464 Аналитический уровень _0
1 2001
a Стужа
e Как мне жаль цветов, погибших в стужу!..
e Op. 85 № 5
e для голоса и фп.
1 700 1
a Синдинг
b К.
1 702 1
a Бирбаумс
b О. Ю.
4 520
464 Аналитический уровень _0
1 2001
a Мелодия
e Op. 76 № 5
e для фп.
1 700 1
a Синдинг
b К.
464 Аналитический уровень _0
1 2001
a Шорохи весны
e Op. 32 № 3
e для фп.
1 700 1
a Синдинг
b К.
464 Аналитический уровень _0
1 2001
a Соната
e Op. 27
e 2 ч.
e для скрипки и фп.
1 700 1
a Синдинг
b К.
464 Аналитический уровень _0
1 2001
a В старинном стиле
e соната
e Op. 99
e 1 ч.
e для скрипки и фп.
1 700 1
a Синдинг
b К.
512 Заглавие обложки 1_
a Заглавие обложки Нотный альбом
600 Персоналии _1
a Персоналии (Фамилия) Синдинг, Кристиан
606 Тематические рубрики 0_
a Основная рубрика Фортепиано
x Основная подрубрика Произведения
606 Тематические рубрики 0_
a Основная рубрика Скрипка
x Основная подрубрика Произведения
606 Тематические рубрики 0_
a Основная рубрика Ансамбли смычковых инструментов
x Основная подрубрика Произведения
606 Тематические рубрики 0_
a Основная рубрика Вокальные произведения
610 Ключевые слова 0_
a Ключевые слова фортепиано
610 Ключевые слова 0_
a Ключевые слова скрипка
610 Ключевые слова 0_
a Ключевые слова ансамбли смычковые
610 Ключевые слова 0_
a Ключевые слова произведения
610 Ключевые слова 0_
a Ключевые слова вокальные произведения
610 Ключевые слова 0_
a Ключевые слова Синдинг К.
686 Индексы других классификаций __
a Классификационный индекс 85.9я43
2 Код системы rubbk
702 Вторичная интеллектуальная ответственность _1
a Фамилия Битерякова
b Имя (инициалы) Е. В.
4 Код отношения 220
4 Код отношения 080
801 Источник записи _0
a Страна RU
b Организация Ульяновская ОНБ
c Дата составления 20200319
g Правила каталогизации RCR
801 Источник записи _1
a Страна RU
b Организация Ульяновская ОНБ
c Дата составления 20200319
g Правила каталогизации RCR
901 Тип документа __
t Тип документа n
w Контрольный № источника RU/УОНБ/EK_N/635345671
909 Создатель записи __
a Создатель записи Грязнова И. Е.
938 Служебная информация __
a Имя БД noti
b Имя библиотеки УОНБ
c Имя АИБС МАРК-SQL
d Номер DOC_ID в БД 22164